[Event "FIDE Chesscom Grand Swiss 2021"]
[Site "Riga"]
[Date "2021.10.27"]
[Round "1.32"]
[White "Henriquez Villagra, Cristobal"]
[Black "Shirov, Alexei"]
[Result "1/2-1/2"]
[WhiteElo "2608"]
[BlackElo "2659"]
[Annotator "TA"]
[PlyCount "90"]
[EventDate "2021.10.27"]
[EventType "swiss"]
[EventCountry "LAT"]
[Tiebreak "Cut1 Buchholz+Sonneborn-Berger (Swiss)"]
[SourceTitle "playchess.com"]
[Source "ChessBase"]
[SourceQuality "1"]

{[%evp 9,90,0,0,0,0,0,1,0,0,11,7,8,26,27,18,25,68,67,131,102,134,95,93,80,114,
38,225,216,222,208,439,417,349,252,265,264,250,237,332,318,293,145,134,130,258,
254,241,0,157,20,23,16,23,16,114,115,114,24,28,22,53,0,10,0,9,0,36,0,0,0,0,0,0,
0,8,0,0,0,0,0,0,0,0]} 1. d4 Nf6 2. Nf3 g6 3. Bf4 Bg7 4. e3 d6 5. Be2 Nh5 6. Bg5
{A48: 1 d4 Nf6 2 Nf3 g6: Torre, London and Colle Systems.} h6 7. Bh4 g5 8. Bg3
c5 9. c3 {[#]} O-O $146 ({Predecessor:} 9... Nxg3 10. hxg3 Qb6 11. Na3 Bf5 12.
Nc4 Qc7 13. a4 Nd7 14. d5 Be4 15. Na3 a6 {1-0 (33) Krainski,S (2014)-Poznanska,
K (2121) Poronin 2013}) 10. dxc5 Nxg3 11. hxg3 dxc5 12. Qc2 e5 13. Nbd2 Nc6 (
13... Qe7 $1 $14) 14. Ne4 {And now Nexg5! would win.} f5 15. Bc4+ $40 {[%mdl
128] White attacks with force.} (15. Nxc5 Qe7 $14) 15... Kh8 {[#]} 16. g4 $1
Qe7 {[#]} (16... fxe4 17. Qxe4) 17. O-O-O $1 fxg4 $2 (17... fxe4 $14 18. Qxe4
Be6 19. Bxe6 Rxf3 20. gxf3 Qxe6) 18. Nfxg5 $1 $18 (18. Nexg5 $2 Bf5 $19) 18...
Bf5 19. Rh5 Na5 $2 {[#]} (19... Rab8 20. Rdh1 b5) 20. Be6 $1 {[%mdl 512]} Bg6 (
20... Bxe6 $2 21. Nf6 $1 $18 {[%mdl 512]}) 21. Rdh1 g3 {aiming for ...gxf2.} (
21... Bxh5 $2 22. Rxh5 Rf5 23. Bxf5 $18) 22. f3 (22. fxg3 Bxh5 23. Rxh5 Rf1+
24. Kd2 Raf8 $19) (22. Rxh6+ Bxh6 23. Rxh6+ Kg7 $14) 22... Rad8 (22... Bxh5 $2
23. Rxh5 Rf5 24. Bxf5 $18) 23. c4 (23. Rxh6+ Bxh6 24. Rxh6+ Kg7 $16) 23... b5 (
23... Bxh5 $2 24. Rxh5 Nxc4 25. Bxc4 $18) (23... Qe8 {might work better.}) 24.
cxb5 (24. Rxh6+ Bxh6 25. Rxh6+ Kg7 $16) 24... c4 25. Qc3 (25. Rxh6+ Bxh6 26.
Qc3 (26. Rxh6+ Kg7 $16) 26... Qg7 $18) (25. R5h4 $18 {has better winning
chances.}) 25... Bxh5 $16 26. Rxh5 Qc7 (26... Qe8 $16 27. Rh1 (27. Nxg3 Qxb5
28. Qc2 Rd3 $16) 27... Qxb5) 27. Qe1 $18 (27. Nf7+ $2 Rxf7 28. Bxf7 Rd3 $19)
27... Qb6 {[#]} 28. Kc2 $2 ({Resist} 28. Nxg3 $6 Rde8) ({But not} 28. Nf7+ $6
Rxf7 29. Bxf7 Qxb5 $16) (28. Kb1 $1 $18 {Qh1 is the strong threat.} Rde8 29.
Rh1) 28... Rde8 $2 ({Black should play} 28... Qxb5 $11 29. Rh1 Nb7) 29. Nf7+ (
29. Rh1 $16) 29... Rxf7 $1 $11 30. Bxf7 Rf8 {[%cal Rf8f7]} 31. Bd5 {Threatens
to win with Rh3.} Qxb5 (31... Rd8 $1 $11 {keeps the balance.} 32. Qd2 Qxb5) 32.
Nc3 $16 Qb6 {Strongly threatening ...Qg6+.} 33. Be4 (33. Kc1 $16) 33... Rb8 $11
34. Nd1 Nc6 35. a3 (35. Rh1 $14) 35... Rd8 36. Rh1 Na5 $1 37. Qb4 Nb3 38. Qxb6
(38. Qxc4 {looks sharper.} Na1+ 39. Kb1 Nb3 40. Qb4 Nd2+ 41. Kc1) 38... axb6 {
The position is equal.} 39. Kc3 b5 40. Kb4 Rb8 41. Bd5 e4 42. Bxe4 Bf8+ 43. Kc3
Bg7+ 44. Kb4 Bf8+ 45. Kc3 Bg7+ {White really could win this.  Weighted Error
Value: White=0.30/Black=0.31} 1/2-1/2

[Event "FIDE Chesscom Grand Swiss 2021"]
[Site "Riga"]
[Date "2021.10.27"]
[Round "1.33"]
[White "Anton Guijarro, David"]
[Black "Ter-Sahakyan, Samvel"]
[Result "1/2-1/2"]
[WhiteElo "2658"]
[BlackElo "2607"]
[Annotator "TA"]
[PlyCount "73"]
[EventDate "2021.10.27"]
[EventType "swiss"]
[EventCountry "LAT"]
[Tiebreak "Cut1 Buchholz+Sonneborn-Berger (Swiss)"]
[SourceTitle "playchess.com"]
[Source "ChessBase"]
[SourceQuality "1"]

{[%evp 25,73,25,32,29,34,31,33,23,39,39,39,39,36,39,43,36,32,26,33,0,32,-7,21,
21,21,19,24,17,29,19,22,22,16,6,29,0,0,0,0,0,0,4,4,4,4,0,11,0,6,0]} 1. d4 Nf6
2. Nf3 d5 3. c4 e6 4. Nc3 Nbd7 5. cxd5 exd5 6. Bg5 c6 7. Qc2 h6 8. Bh4 Be7 9.
e3 O-O 10. Bd3 Re8 11. O-O Ne4 12. Bxe4 Bxh4 13. Bh7+ Kh8 14. Nxh4 {D36:
Queen's Gambit Declined: Exchange Variation: Main line (5 Bg5 c6 6 Qc2).} Qxh4
15. Bd3 Qe7 16. Rab1 {White is slightly better.} Nf6 {[%cal Bd7f6,Bf6e4,Be4d6,
Bd6b5][%mdl 32]} 17. b4 {[#]} Qd6 $146 ({Predecessor:} 17... Bd7 18. a4 Rac8
19. Rfc1 Ng4 20. h3 Nf6 21. Qa2 Be6 22. Ne2 Ne4 23. Bxe4 dxe4 {1/2-1/2 (52)
Meiners,E (2345)-Nordal,S (2288) ICCF email 2015}) 18. h3 Bd7 19. Rfc1 Rac8 20.
a4 a6 21. Ne2 Ne4 22. Nf4 Qf6 (22... g5 $5 {[%cal Rg5f4]} 23. Ne2 f5 $11) 23.
Qb2 Nd6 (23... g5 $5 {[%cal Rg5f4]} 24. Nh5 Qg6 $11) 24. b5 cxb5 25. axb5 Bxb5
26. Nxd5 Qe6 27. Nf4 {[%cal Bd5f4,Bf4d3,Bd3c5][%mdl 32]} Qd7 28. Bxb5 Nxb5 29.
Nd3 Kg8 30. Qb3 Rxc1+ {The position is equal.} 31. Rxc1 Rc8 32. Nc5 Qc6 33. Rb1
Rd8 34. Nd3 Rc8 35. Nc5 Rd8 36. Nd3 Rc8 37. Nc5 {Weighted Error Value: White=0.
06/Black=0.04} 1/2-1/2

[Event "FIDE Chesscom Grand Swiss 2021"]
[Site "Riga"]
[Date "2021.10.27"]
[Round "1.34"]
[White "Ivic, Velimir"]
[Black "Howell, David W L"]
[Result "0-1"]
[WhiteElo "2606"]
[BlackElo "2658"]
[Annotator "TA"]
[PlyCount "90"]
[EventDate "2021.10.27"]
[EventType "swiss"]
[EventCountry "LAT"]
[Tiebreak "Cut1 Buchholz+Sonneborn-Berger (Swiss)"]
[SourceTitle "playchess.com"]
[Source "ChessBase"]
[SourceQuality "1"]

{[%evp 9,90,16,24,23,21,13,31,13,20,11,14,12,39,25,28,18,14,18,21,27,41,6,37,
-25,0,0,0,0,0,0,0,0,0,-20,-6,-15,39,29,36,25,91,91,111,109,86,0,0,4,73,-27,116,
93,104,90,39,0,0,-45,-41,-56,-56,-56,-56,-57,-56,-75,-79,-690,-717,-731,-746,
-1218,-1184,-1039,-968,-1058,-1046,-1338,-1022,-29988,-29989,-29989,-29990]} 1.
e4 e5 2. Nf3 Nc6 3. Bb5 Nf6 4. d3 Bc5 5. Bxc6 dxc6 6. Nbd2 {[%cal Bb1d2,Bd2b3,
Bb3a5][%mdl 32] C65: Ruy Lopez: Berlin Defence (3...Nf6), unusual lines and 4
0-0 Bc5.} Bg4 {6...Nd7 is a critical line.} 7. h3 Bh5 8. g4 {White is slightly
better.} Bg6 9. Nb3 Bd6 10. Na5 {[#]} Qc8 $146 ({Predecessor:} 10... Bb4+ 11.
Bd2 Bxa5 12. Bxa5 Nd7 13. h4 h5 14. g5 Qe7 15. Rg1 O-O-O 16. Qe2 Nf8 {1-0 (56)
Tabatabaei,M (2629)-Aleksandrov,A (2563) Chess.com INT 2021}) 11. Bd2 Nd7 12.
Nh4 Nc5 13. Nf5 Ne6 14. Qf3 c5 15. Qg3 b5 16. c4 (16. h4 $14) 16... a6 17.
O-O-O Qd7 18. Kb1 O-O-O 19. Be3 b4 20. f3 f6 21. Qf2 h5 22. h4 Bf8 ({Black
should try} 22... Qa4 $11 23. Nb3 Qc6) 23. Nb3 $14 {[%cal Rb3c5]} Qc6 24. g5
Bxf5 (24... Qb6 $11) 25. exf5 $16 Nd4 26. Bxd4 exd4 27. Rhe1 (27. Rde1 $16)
27... fxg5 $11 28. hxg5 Bd6 (28... h4 $1 $11 {remains equal.}) 29. f4 (29. Qg2
$16) 29... Rdf8 (29... h4 $11 {keeps the balance.}) 30. f6 $1 $16 {[%cal Rf6g7]
} gxf6 31. g6 {[#] Black must now prevent g7.} Rfg8 32. f5 {[%mdl 1024] White
has compensation.} (32. Na5 $5 {[%cal Ra5c6]} Qa8 33. Re6 $16) 32... h4 33. Na5
Qa8 34. Re4 h3 35. Qf3 {[#] Hoping for Re8+!} Kb8 36. Rh1 h2 37. Kc2 Ka7 38. a3
$2 {[%mdl 8192] Loses the game.} (38. Nb3 $17) 38... bxa3 $19 39. bxa3 Rb8 40.
Qg2 Rb6 {And now ...Rhb8 would win.} 41. Qf1 Qb8 {( -> ...Rb2+)} 42. Qa1 Rh5
43. Rf1 Qh8 44. Ree1 h1=Q 45. Rxh1 Rh2+ {Weighted Error Value: White=0.66/
Black=0.22} 0-1

[Event "FIDE Chesscom Grand Swiss 2021"]
[Site "Riga"]
[Date "2021.10.27"]
[Round "1.35"]
[White "Jumabayev, Rinat"]
[Black "Petrosyan, Manuel"]
[Result "1/2-1/2"]
[WhiteElo "2658"]
[BlackElo "2605"]
[Annotator "TA"]
[PlyCount "96"]
[EventDate "2021.10.27"]
[EventType "swiss"]
[EventCountry "LAT"]
[Tiebreak "Cut1 Buchholz+Sonneborn-Berger (Swiss)"]
[SourceTitle "playchess.com"]
[Source "ChessBase"]
[SourceQuality "1"]

{[%evp 10,96,11,7,9,0,0,-16,0,0,0,0,0,0,0,0,-6,0,2,0,0,0,0,0,0,0,16,13,11,12,
16,0,0,0,0,-21,0,0,0,0,0,9,10,0,76,56,60,18,41,33,72,6,38,6,7,14,9,-16,2,-162,
-168,-244,-243,-225,-229,-283,-200,-960,-955,-929,-919,-1523,-1471,-29972,
-29974,-29975,-29976,-29977,-29978,-29978,-29979,-29979,-29979,-29979,-29980,
-29980,-29981,-29980,-29980]} 1. d4 Nf6 2. c4 e6 3. g3 d5 4. Bg2 dxc4 5. Qa4+
Nbd7 6. Qxc4 c5 {E03: Open Catalan: 5 Qa4+ Nbd7 6 Qxc4.} 7. Nf3 a6 8. Qd3 cxd4
{The position is equal.} 9. Nxd4 Nc5 10. Qe3 Nd5 11. Qd2 b5 12. Nc3 Bb7 13.
Nxd5 Bxd5 {[#]} 14. Nc6 $1 {[#]} Qd7 $146 ({Predecessor:} 14... Qd6 15. Bxd5
exd5 16. Nd4 Ne4 17. Qd3 Qb4+ 18. Kf1 Qc4 19. Be3 Qxd3 20. exd3 Nc5 {1/2-1/2 
(53) Donchenko,A (2644)-Narayanan,S (2529) Sitges 2019}) 15. Ne5 Qb7 16. Bxd5
exd5 17. O-O Be7 18. Rd1 O-O 19. Qc2 ({Not} 19. Qxd5 $2 Rad8 $19) 19... Rac8
20. Qf5 Ne6 21. Qf3 Rc2 22. Be3 (22. Qxd5 {with more complications.} Qxd5 23.
Rxd5 Rxe2 24. Nd3 Rc2 25. Be3) 22... Bf6 (22... Rxb2 {is interesting.} 23. Rxd5
Rxe2 24. h4 b4 25. Rad1 Rxa2 26. Qf5 g6) 23. Rxd5 {Hoping for Nd7.} Bxe5 24.
Rxe5 Qxf3 25. exf3 Rxb2 26. f4 Rc8 (26... g6 $11) 27. f5 Nf8 28. Rd5 h6 29. a3
Rb3 30. f6 (30. a4 $16) 30... Ne6 31. h4 gxf6 32. Bxh6 Rc4 33. a4 bxa4 34. Ra5
$2 {Now White is beyond hope.} (34. Rf5 $11) 34... Nc5 $19 35. Be3 (35. Rxc5
$142 Rxc5 36. Rxa4) 35... Rb5 36. Rxb5 axb5 {[%mdl 4096] Endgame KRB-KRN} 37.
h5 Ne4 38. Rd1 $2 (38. Kf1) 38... a3 39. Rd8+ Kh7 40. Rd7 a2 41. Rxf7+ Kg8 {
Black mates.} 42. Ra7 Ra4 43. Rxa4 bxa4 {KB-KN} 44. Bd4 a3 45. Kf1 Nd2+ 46. Ke2
Nb3 47. Bxf6 a1=Q {[%mdl 64] [#] Promotion} 48. Bxa1 Nxa1 {[%mdl 32768]
Weighted Error Value: White=0.67/Black=0.09. An unexpected result.} 1/2-1/2

[Event "FIDE Chesscom Grand Swiss 2021"]
[Site "Riga"]
[Date "2021.10.27"]
[Round "1.36"]
[White "Adly, Ahmed"]
[Black "Rakhmanov, Aleksandr"]
[Result "1/2-1/2"]
[WhiteElo "2602"]
[BlackElo "2657"]
[Annotator "TA"]
[PlyCount "112"]
[EventDate "2021.10.27"]
[EventType "swiss"]
[EventCountry "LAT"]
[Tiebreak "Cut1 Buchholz+Sonneborn-Berger (Swiss)"]
[SourceTitle "playchess.com"]
[Source "ChessBase"]
[SourceQuality "1"]

{[%evp 22,112,11,0,0,-4,0,0,0,0,2,-18,-16,-12,-16,-17,-18,-18,-16,-17,-11,-5,0,
0,-9,-8,0,0,0,-6,0,0,0,0,0,0,0,0,0,0,0,0,14,0,0,0,0,0,0,0,0,0,0,0,0,0,0,0,5,0,
0,0,0,0,0,0,0,0,0,0,0,-7,-7,-7,-7,-7,-7,-7,-12,-126,-27,-126,-59,-126,-27,-27,
-27,-30,-7,-126,0,-7,0]} 1. d4 Nf6 2. Nf3 g6 3. g3 Bg7 4. Bg2 d5 5. c4 c6 6.
O-O O-O 7. cxd5 cxd5 8. Nc3 e6 9. Bf4 Nc6 10. Ne5 Nxe5 11. Bxe5 Bd7 12. Qb3 Bc6
{D79: Fianchetto Grünfeld: Symmetrical Variation (6 0-0 c6 7 cxd5 cxd5).} 13.
a4 a5 14. Rfc1 {[#]} Qe7 $146 ({Predecessor:} 14... Ne8 15. Bxg7 Kxg7 16. e3
Nd6 17. Ne2 Ra6 18. Nf4 b5 19. axb5 Bxb5 20. Rc5 Qb6 {1/2-1/2 (56) Kerek,C 
(2380)-Farago,S (2285) Budapest 1998}) 15. e3 Rfc8 16. Ne2 Bf8 17. Bxf6 Qxf6
18. Nf4 Bd6 19. Nd3 Qe7 20. Bf1 Be8 21. Ne1 f6 22. Bb5 Bf7 23. Bf1 Be8 24. Bb5
Bf7 25. Bf1 $1 Kg7 26. Qb6 Rc7 27. Rxc7 Qxc7 28. Qxc7 Bxc7 29. Rc1 Bd6 30. Bb5
e5 31. Nd3 Rd8 32. Rc3 Be6 33. Nc5 Bxc5 34. Rxc5 Rc8 35. Rxc8 Bxc8 $11 {
[%mdl 4096] Endgame KB-KB} 36. Be2 Bd7 37. Bd1 e4 38. Bb3 Bc6 39. Kg2 g5 40. g4
Kf7 41. h3 Ke6 42. f3 {Hoping for fxe4.} exf3+ 43. Kxf3 Kd6 44. Bc2 Be8 45. Kg3
h6 46. Bd1 Bg6 47. Kf2 Ke6 48. Kg3 Be4 49. Kf2 Kd6 50. Ke1 (50. Kg3 $11) 50...
Kc6 (50... Bg2 $17 51. h4 gxh4) 51. Kd2 (51. Kf2 $11 {keeps the balance.})
51... Kd7 ({Black should try} 51... Bg2 $17 52. h4 gxh4) 52. Ke1 (52. Ke2 $1
$15) 52... Ke7 (52... Bg2 $17 53. h4 gxh4) 53. Kf2 Bd3 54. Ke1 b6 55. Kd2 (55.
Be2 $11 {remains equal.} Be4 56. Kf2) 55... Bg6 (55... Bf1 $17 56. h4 gxh4) 56.
Ke1 Be8 {Weighted Error Value: White=0.16/Black=0.15} 1/2-1/2

[Event "FIDE Chesscom Grand Swiss 2021"]
[Site "Riga"]
[Date "2021.10.27"]
[Round "1.37"]
[White "Cori, Jorge"]
[Black "Goryachkina, Aleksandra"]
[Result "1/2-1/2"]
[WhiteElo "2655"]
[BlackElo "2602"]
[Annotator "TA"]
[PlyCount "62"]
[EventDate "2021.10.27"]
[EventType "swiss"]
[EventCountry "LAT"]
[Tiebreak "Cut1 Buchholz+Sonneborn-Berger (Swiss)"]
[SourceTitle "playchess.com"]
[Source "ChessBase"]
[SourceQuality "1"]

{[%evp 12,62,12,9,28,2,0,12,7,0,0,0,0,0,0,0,2,0,4,8,10,-12,-2,0,-17,-29,-29,
-20,0,-29,10,10,10,0,0,0,0,0,0,0,0,0,0,0,0,0,0,0,0,0,0,0,0]} 1. d4 d5 2. c4 c6
3. Nf3 Nf6 4. Nc3 dxc4 5. a4 e6 6. e3 c5 7. Bxc4 cxd4 {seems to push 7...Nc6
aside. D16: Slav Defence: 5 a4: Lines with 5...Bg4 and 5...Na6.} 8. Nxd4 Bc5 9.
O-O O-O 10. Qe2 Nbd7 {[%cal Bb8d7,Bd7e5,Be5f3][%mdl 32]} 11. Rd1 Qe7 {[#]} 12.
e4 $146 ({Predecessor:} 12. Nf3 b6 13. h3 Bb7 14. e4 Rfc8 15. Bd3 Bb4 16. Na2 {
1/2-1/2 (32) Lenic,L (2624)-Beliavsky,A (2603) Bled 2016}) 12... Ne5 13. Bg5 b6
14. Nf3 Nxf3+ 15. Qxf3 {[#] Black must now prevent e5.} h6 16. Bxf6 Qxf6 17.
Qxf6 gxf6 18. a5 bxa5 $1 19. Rxa5 Bb4 20. Ra4 (20. Rh5 {seems wilder.} Bxc3 21.
bxc3 Bb7 22. Ra5 Bxe4 23. f3) 20... Bxc3 (20... a5 {looks sharper.} 21. Na2 Be7
22. Nc3 Rd8 23. Rxd8+ Bxd8 24. f3 Rb8) 21. bxc3 {The position is equal.} Bb7
22. Ba6 Bxa6 23. Rxa6 $11 {[%mdl 4096] Endgame KRR-KRR} Rfc8 24. Rc1 (24. Rd3 {
with more complications.} Rab8 25. g4 Rc7 26. Kg2 Rb5 27. Kg3) 24... Rab8 25.
Rxa7 (25. f3 {feels hotter.} Rb2 26. Rxa7 Rd8 27. Kh1 Rdd2 28. Rg1) 25... Rxc3
{[%cal Rc3c1] [#]} 26. Raa1 Rxc1+ 27. Rxc1 Rb5 28. f3 f5 29. exf5 Rxf5 30. Kf2
Kg7 31. h4 Ra5 {A rather calm draw.  Weighted Error Value: White=0.04/Black=0.
03} 1/2-1/2

[Event "FIDE Chesscom Grand Swiss 2021"]
[Site "Riga"]
[Date "2021.10.27"]
[Round "1.38"]
[White "Bartel, Mateusz"]
[Black "Najer, Evgeniy"]
[Result "1/2-1/2"]
[WhiteElo "2597"]
[BlackElo "2654"]
[Annotator "TA"]
[PlyCount "109"]
[EventDate "2021.10.27"]
[EventType "swiss"]
[EventCountry "LAT"]
[Tiebreak "Cut1 Buchholz+Sonneborn-Berger (Swiss)"]
[SourceTitle "playchess.com"]
[Source "ChessBase"]
[SourceQuality "1"]

{[%evp 9,109,0,8,0,0,-25,23,27,19,18,31,17,35,37,25,23,34,36,34,32,37,25,56,66,
51,44,37,55,91,88,80,99,91,73,96,95,185,179,179,180,166,159,180,164,152,161,
207,207,208,207,213,222,222,218,222,216,227,219,219,214,274,258,243,247,246,
240,225,220,225,212,168,16,20,20,344,329,1039,680,1701,1730,2365,1956,7048,
6575,4622,4622,4622,4618,1641,0,0,0,0,0,0,0,0,0,0,0,0,0]} 1. e4 c5 2. Nf3 Nc6
3. Nc3 g6 4. Bc4 Bg7 5. O-O d6 6. d3 {B30: Sicilian: 2...Nc6 3 Bb5, lines
without ...g6.} e6 7. Be3 Nd4 8. Bxd4 {White has an edge.} cxd4 9. Ne2 Qb6 {[#]
} 10. a4 $146 {[%cal Ba2a4,Ba4a5][%mdl 32]} ({Predecessor:} 10. Bb3 Ne7 11. Qd2
O-O 12. c3 dxc3 13. Nxc3 Bd7 14. Rac1 Rac8 15. Ne2 Nc6 16. Ba4 {1-0 (73) Obaco
Cuenca,D (1309)-Morales Risco,H (1313) Chess.com INT 2020}) 10... Ne7 11. a5
Qc5 {[#]} 12. Nexd4 $1 Bxd4 13. b4 $36 {[%cal Rb4c5][%mdl 2048] White is
pushing.} Qxb4 14. Nxd4 {Threatens to win with Ra4!} O-O 15. Qb1 Qxb1 16. Rfxb1
Rd8 17. Nb5 Nc6 18. d4 Rb8 19. d5 exd5 20. exd5 Ne5 21. Nxa7 {aiming for Nc6!}
Bf5 (21... Nxc4 $2 22. Nc6 $1 $18) 22. Bb3 Nd7 {[#]} (22... Kg7 $16 {is a
better defense.}) 23. Nc6 $1 $18 {[%cal Rc6b8][%mdl 512]} bxc6 24. dxc6 Rbc8
25. cxd7 Rxd7 26. f3 Ra7 27. Bd5 Rc5 28. Rb8+ $1 Kg7 {[#]} 29. Rb7 $1 Raxa5 (
29... Rcxa5 30. Rxa7) 30. Rxf7+ Kh6 31. Rxa5 Rxa5 {[%mdl 4096] Endgame KRB-KRB}
32. c4 Ra1+ 33. Kf2 Ra2+ 34. Kg3 Bd3 35. Rc7 g5 36. Rd7 Bf1 37. Rxd6+ Kg7 38.
Kg4 Rxg2+ {[#]} 39. Kf5 $1 {And now Rd7+ would win.} Bd3+ 40. Be4 $2 (40. Ke5
$18) 40... Bxe4+ $1 $11 41. fxe4 {Black must now prevent h3. KR-KR} Rc2 $2 {
[%mdl 8192] [#]} (41... Rxh2 $11 {and Black is okay.} 42. e5 (42. Kxg5 Kf7 $16)
42... Rf2+ 43. Ke6 (43. Kxg5 h6+ 44. Kg4 h5+ 45. Kg5 Kf7 $11) 43... g4) 42.
Rd7+ $1 $18 ({Not} 42. Kxg5 Rxc4 43. Rd7+ Kg8 $16) 42... Kh6 $2 (42... Kf8 43.
Kf6 (43. Kxg5 Rxc4 44. e5 h5 $16 {[%mdl 64] Decoy}) 43... Rf2+ 44. Kxg5 Rxh2)
43. e5 Rf2+ 44. Ke6 Rxh2 45. Rd4 Kg6 46. Kd7 Ra2 47. Rd6+ Kf5 48. e6 Ra7+ 49.
Ke8 $2 ({White has to play} 49. Kd8 $18 Ra8+ 50. Ke7) 49... Rc7 $11 {The
position is equal.} 50. e7 {Threatening mate with Kf8.} (50. c5 {is
interesting.} Rxc5 51. Kd7 Rc2 52. e7 Re2 53. Rd3) 50... Rxc4 51. Kf8 Re4 52.
Rd5+ Kf6 53. Rd6+ Kf5 54. Rd5+ Kf6 55. Rd6+ {Black escapes into a draw. 
Weighted Error Value: White=0.20/Black=0.23} 1/2-1/2

[Event "FIDE Chesscom Grand Swiss 2021"]
[Site "Riga"]
[Date "2021.10.27"]
[Round "1.39"]
[White "Oparin, Grigoriy"]
[Black "Sindarov, Javokhir"]
[Result "1/2-1/2"]
[WhiteElo "2654"]
[BlackElo "2587"]
[Annotator "TA"]
[PlyCount "100"]
[EventDate "2021.10.27"]
[EventType "swiss"]
[EventCountry "LAT"]
[Tiebreak "Cut1 Buchholz+Sonneborn-Berger (Swiss)"]
[SourceTitle "playchess.com"]
[Source "ChessBase"]
[SourceQuality "1"]

{[%evp 23,100,12,14,9,4,0,9,0,0,10,14,0,0,0,0,0,8,0,31,22,49,27,28,25,36,46,37,
37,37,37,37,37,50,37,37,38,163,22,44,44,71,70,45,29,38,30,39,31,34,31,37,30,80,
2,2,2,0,0,0,0,0,0,0,0,0,0,0,0,0,0,0,0,0,0,0,0,0,0,0]} 1. d4 Nf6 2. c4 g6 3. Nc3
d5 4. Bg5 Ne4 5. Bf4 Nxc3 6. bxc3 Bg7 7. e3 c5 8. cxd5 Qxd5 9. Nf3 Nc6 10. Be2
cxd4 11. cxd4 Qa5+ 12. Qd2 O-O 13. Qxa5 {D80: Grünfeld: Unusual White 4th
moves and 4 Bg5.} Nxa5 14. Rc1 Bf5 {[#]} 15. Rc5 $146 ({Predecessor:} 15. O-O
Rac8 16. Nd2 Nc6 17. g4 Bd7 18. Rb1 b6 19. Ba6 Rce8 20. Bb5 Nb8 21. Rfc1 Bxb5
22. Rxb5 {1-0 (47) Adelseck,H (2514)-Packroff,H (2261) ICCF email 2007}) 15...
b6 16. Rc1 Be6 17. Ba6 Bxa2 18. Ke2 Bd5 19. Rc7 Rfe8 20. Rd1 Bf6 21. g4 e6 22.
Ne5 g5 23. Bg3 Bd8 24. Rxf7 {[#] And now Bd3 would win.} Nc6 $1 {[%cal Rc6e5]}
25. Rd7 {Strongly threatening Rxd5!} Nb4 {[%cal Rb4a6]} 26. Bb5 {aiming for
Rxd5!} Re7 27. Rb1 a5 28. f3 Rxd7 29. Bxd7 Be7 (29... Ra7 $14) 30. Be1 (30. e4
$18 Ba2 31. Rb2) 30... Ra7 31. e4 Bc4+ 32. Nxc4 Rxd7 33. Bxb4 Bxb4 $16 {
[%mdl 4096] Endgame KRB-KRN} 34. d5 Rc7 35. Nxb6 Rc2+ 36. Kd3 Rc3+ 37. Kd4 Kf7
38. Ke5 ({Better is} 38. Nc4 $16) 38... exd5 $1 $11 {The position is equal.}
39. Nxd5 {[%mdl 64] [#] Double Attack} Rxf3 40. Nxb4 axb4 41. Rxb4 {KR-KR} Rf2
42. h3 Rf3 43. Rb7+ Kg6 44. Rb6+ Kg7 45. Kd5 Rxh3 46. e5 h5 47. gxh5 Rxh5 48.
e6 Rh1 49. Kd6 Kf6 50. Kd7 {Threatening mate with e7+.} Re1 {Weighted Error
Value: White=0.14/Black=0.11} 1/2-1/2

[Event "FIDE Chesscom Grand Swiss 2021"]
[Site "Riga"]
[Date "2021.10.27"]
[Round "1.40"]
[White "Jobava, Baadur"]
[Black "Sevian, Samuel"]
[Result "1/2-1/2"]
[WhiteElo "2582"]
[BlackElo "2654"]
[Annotator "TA"]
[PlyCount "84"]
[EventDate "2021.10.27"]
[EventType "swiss"]
[EventCountry "LAT"]
[Tiebreak "Cut1 Buchholz+Sonneborn-Berger (Swiss)"]
[SourceTitle "playchess.com"]
[Source "ChessBase"]
[SourceQuality "1"]

{[%evp 9,84,4,4,-13,-12,-13,0,0,6,-31,-16,-12,0,0,0,-53,-42,-60,-43,-44,-47,
-44,-12,-20,-21,-15,0,-10,37,0,62,43,72,27,35,13,17,20,18,22,12,12,8,8,31,33,
95,20,17,0,0,0,0,0,0,0,6,14,45,32,47,0,0,0,60,44,54,0,0,0,0,0,0,0,0,0,0]} 1. c4
e5 2. d3 Nf6 3. Nf3 Nc6 4. Nc3 Bb4 5. e4 d6 6. Be2 {A28: English Opening: Four
Knights Variation.} a5 7. O-O {[#]} Bg4 $146 ({Predecessor:} 7... Bc5 8. Be3
Bg4 9. Nxe5 Nxe5 10. d4 Bxe2 11. Qxe2 Bb4 12. dxe5 Bxc3 13. bxc3 dxe5 {0-1 (40)
Kuzubov,Y (2641)-Korobov,A (2683) Kremenchuk 2020}) 8. Kh1 Bc5 9. Qe1 Nb4 10.
Qd1 Nc6 11. Nd5 Bxf3 12. gxf3 ({White should try} 12. Bxf3 $11 Nd7 13. Bg4)
12... Nd4 $15 13. Rg1 Nxd5 14. cxd5 g6 15. f4 c6 16. dxc6 bxc6 17. f5 Qb6 18.
Bg4 Qb5 19. Rg2 Bb6 (19... gxf5 $11 20. exf5 Bb6) 20. Be3 $14 gxf5 (20... Qxb2
$2 21. Rb1 $18) 21. Bxd4 (21. Bh5 {looks sharper.} Ra7 22. Rc1 Kd8 23. a4 Qa6
24. exf5 Rc7 25. Rg7) 21... fxg4 {[#]} 22. a4 $1 Qa6 23. Bxb6 Qxb6 24. Qxg4
Qxb2 25. Rag1 Qb3 26. f4 {And now fxe5 would win.} exf4 (26... Qxa4 $2 27. Rb2
$18) 27. Qxf4 Qe6 (27... Kd7 $14) 28. d4 (28. Rb2 $16) 28... Kd7 29. Rg7 Rhf8
30. Rxh7 Rae8 31. Rg4 Rb8 32. Rg1 $36 {[%mdl 2048] next Rh6 is good for White.
White has some pressure.} Rbe8 33. Re1 Re7 34. Rh6 f6 35. d5 cxd5 36. Qf1 {
Strongly threatening Qb5+.} Ke8 ({Black should play} 36... Qg4 $11) 37. Qb5+ {
[%mdl 64] [#] Double Attack} Qd7 $1 {[%cal Rd7b5] Threatens to win with ...
Qxb5.} 38. Qxa5 ({Better is} 38. Qxd5 $14 Qb7 39. Qh5+ (39. Qxa5 Re5 $15) (39.
Qxd6 $2 Rxe4 40. Qb8+ Qxb8 $19) 39... Kd7 40. Qf5+ {[%mdl 64] Double Attack} (
40. Qxa5 $2 Rxe4 41. Qb5+ Qxb5 $19) 40... Ke8 41. Qh5+ (41. Rxf6 Rxf6 42. Qxf6
Qb4 $11) (41. Qxa5 Re5 $15) 41... Kd7 42. Qf5+ {[%mdl 64] Double Attack} (42.
Qxa5 $2 Rxe4 43. Qb5+ Qxb5 $19) 42... Ke8 43. Qh5+ (43. Rxf6 Rxf6 44. Qxf6 Qb4
$11) (43. Qxa5 Re5 $11)) 38... dxe4 $11 {The position is equal.} 39. Qa8+ Qd8
40. Qd5 {Hoping for Qh5+.} Qc7 41. Qa8+ Qd8 42. Qd5 {Black must now prevent
Qh5+.} Qc7 {Weighted Error Value: White=0.15/Black=0.15} 1/2-1/2